000 01170nam a2200301 i 4500
003 CSPC
005 20230811110426.0
007 ta
008 230809b2022 nyu b 001 0 eng
020 _a9781260597929
040 _aDLC
_cDLC
_dCSPC
_erda
082 _210
_a651.93621
_bB341m
100 _aBayes, Nenna L.,
_eauthor.
245 _a Medical office procedures /
_cNenna L. Bayes.
250 _aTenth edition.
264 _aNew York :
_bMcGraw Hill,
_c2022.
300 _aiii, 426 with various pages :
_billustrations ;
_c27 cm.
336 _2rdacontent
_atext
_btxt
337 _2rdamedia
_aunmediated
_bn
338 _2rdacarrier
_avolume
_bnc
500 _a
504 _aIncludes bibliographical references and index.
505 _aThe administrative medical assistant's career -- Administrative responsibilities -- Practice financials -- Preparing for employment.
650 _aMedical assistants.
700 _aBlochowiak, Amy L.,
_eauthor.
942 _2ddc
_n0
_cBK
_h651.93621 B341m
_kCIR
_m2022
999 _c25878
_d25878